[Event "GER-ch U25-A"]
[White "Nguyen, Ha Thanh"]
[Black "Engel, Robert"]
[Site "Willingen"]
[Round "1"]
[Result "0-1"]
[Date "2018.05.20"]
[WhiteElo "1840"]
[BlackElo "2017"]
[PlyCount "98"]
[EventDate "2018.05.19"]
[EventType "swiss"]
[EventRounds "9"]
[EventCountry "GER"]
[SourceTitle "CBM 184 Extra"]
[Source "ChessBase"]
[SourceDate "2018.06.28"]
[SourceVersion "1"]
[SourceVersionDate "2018.06.28"]
[SourceQuality "1"]

1. e4 c5 2. Nf3 d6 3. d4 cxd4 4. Nxd4 Nf6 5. Nc3 a6 6. Be2 e5 7. Nb3 Be7 8. Be3 0-0 9. 0-0 Be6 10. Qd3 Nbd7 11. Nd5 Bxd5 12. exd5 Rc8 13. c4 h6 14. Rfd1 Nh7 15. Rac1 b6 16. Bg4 Bg5 17. Bxg5 Nxg5 18. h4 Nh7 19. Qh3 Nhf6 20. Be2 Nc5 21. Nd2 a5 22. Nf1 Qd7 23. Qe3 Ng4 24. Qg3 f5 25. f3 Nf6 26. Qe1 Qa4 27. a3 Nb3 28. Rc3 Nh5 29. Bd3 Nd4 30. Ng3 Nxg3 31. b3 Qxa3 32. Qxg3 a4 33. f4 e4 34. Bf1 Nxb3 35. Kh1 Qc5 36. Qe1 Rce8 37. Re3 Qa5 38. Qe2 Nc5 39. Qb2 Ra8 40. Rg3 Ra7 41. Ra1 Kh7 42. Raa3 Qe1 43. Qe2 Qxe2 44. Bxe2 Rc8 45. Bh5 Rf8 46. Kh2 Nd3 47. Bd1 Rfa8 48. Re3 Nxf4 49. g4 g6 0-1